LEADER 03764nam 22007815 450 001 996465698703316 005 20230222184749.0 010 $a3-319-42634-6 024 7 $a10.1007/978-3-319-42634-1 035 $a(CKB)3710000000765276 035 $a(DE-He213)978-3-319-42634-1 035 $a(MiAaPQ)EBC6282876 035 $a(MiAaPQ)EBC5586302 035 $a(Au-PeEL)EBL5586302 035 $a(OCoLC)953990394 035 $a(PPN)194515168 035 $a(EXLCZ)993710000000765276 100 $a20160719d2016 u| 0 101 0 $aeng 135 $aurnn|008mamaa 181 $ctxt$2rdacontent 182 $cc$2rdamedia 183 $acr$2rdacarrier 200 10$aComputing and Combinatorics $b[electronic resource] $e22nd International Conference, COCOON 2016, Ho Chi Minh City, Vietnam, August 2-4, 2016, Proceedings /$fedited by Thang N. Dinh, My T. Thai 205 $a1st ed. 2016. 210 1$aCham :$cSpringer International Publishing :$cImprint: Springer,$d2016. 215 $a1 online resource (XIII, 634 p. 98 illus.) 225 1 $aTheoretical Computer Science and General Issues,$x2512-2029 ;$v9797 311 $a3-319-42633-8 327 $aGame Theory and Algorithms -- Parameterized Complexity and Algorithms -- Database and Data Structures -- Computational Complexity -- Approximation Algorithms -- Cryptography -- Network and Algorithms -- Graph Theory and Algorithms.-Computational Geometry -- Scheduling Algorithms and Circuit Complexity -- Computational Geometry and Computational Biology -- Logic, Algebra and Automata. 330 $aThis book constitutes the refereed proceedings of the 22nd International Conference on Computing and Combinatorics, COCOON 2016, held in Ho Chi Minh City, Vietnam, in August 2016. The 50 revised full papers papers presented in this book were carefully reviewed and selected from various submissions. The papers cover various topics including: Theory and Algorithms; Parameterized Complexity and Algorithms; Database and Data Structures; Computational Complexity; Approximation Algorithms; Cryptography; Network and Algorithms; Graph Theory and Algorithms; Computational Geometry; Scheduling Algorithms and Circuit Complexity; Computational Geometry and Computational Biology; and Logic, Algebra and Automata. 410 0$aTheoretical Computer Science and General Issues,$x2512-2029 ;$v9797 606 $aAlgorithms 606 $aComputer science?Mathematics 606 $aDiscrete mathematics 606 $aComputer science 606 $aArtificial intelligence 606 $aComputer networks 606 $aMachine theory 606 $aAlgorithms 606 $aDiscrete Mathematics in Computer Science 606 $aTheory of Computation 606 $aArtificial Intelligence 606 $aComputer Communication Networks 606 $aFormal Languages and Automata Theory 615 0$aAlgorithms. 615 0$aComputer science?Mathematics. 615 0$aDiscrete mathematics. 615 0$aComputer science. 615 0$aArtificial intelligence. 615 0$aComputer networks. 615 0$aMachine theory. 615 14$aAlgorithms. 615 24$aDiscrete Mathematics in Computer Science. 615 24$aTheory of Computation. 615 24$aArtificial Intelligence. 615 24$aComputer Communication Networks. 615 24$aFormal Languages and Automata Theory. 676 $a004 702 $aDinh$b Thang N$4edt$4http://id.loc.gov/vocabulary/relators/edt 702 $aThai$b My T$4edt$4http://id.loc.gov/vocabulary/relators/edt 801 0$bMiAaPQ 801 1$bMiAaPQ 801 2$bMiAaPQ 906 $aBOOK 912 $a996465698703316 996 $aComputing and Combinatorics$9772278 997 $aUNISA